All Countries, Europe's Capitals, U.S. States & Capitals #3 - Statistics

General Stats
  • This quiz has been taken 24 times
  • The average score is 280 of 337
Answer Stats
Answer % Correct
Albania
100%
Czechia
100%
Democratic Republic of the Congo
100%
Florida
100%
Georgia
100%
Guinea
100%
Guyana
100%
Illinois
100%
Kosovo
100%
Massachusetts
100%
Michigan
100%
Mississippi
100%
Missouri
100%
Nevada
100%
Niger
100%
Nigeria
100%
Oklahoma
100%
Poland
100%
Republic of the Congo
100%
Russia
100%
Ukraine
100%
United Arab Emirates
100%
United Kingdom
100%
United States
100%
Washington
100%
Alabama
90%
Algeria
90%
Amsterdam
90%
Andorra
90%
Antigua and Barbuda
90%
Arkansas
90%
Athens
90%
Austria
90%
Azerbaijan
90%
Bahrain
90%
Belgium
90%
Benin
90%
Bolivia
90%
Bosnia and Herzegovina
90%
Brazil
90%
Brunei
90%
Brussels
90%
Bucharest
90%
Bulgaria
90%
Burundi
90%
California
90%
Cambodia
90%
Canada
90%
Central African Republic
90%
Chad
90%
Chile
90%
China
90%
Colombia
90%
Columbia
90%
Comoros
90%
Connecticut
90%
Copenhagen
90%
Costa Rica
90%
Croatia
90%
Cuba
90%
Cyprus
90%
Delaware
90%
Denmark
90%
Djibouti
90%
Dominica
90%
Dominican Republic
90%
Dublin
90%
East Timor
90%
Ecuador
90%
Egypt
90%
El Salvador
90%
Equatorial Guinea
90%
Estonia
90%
Eswatini
90%
Ethiopia
90%
Federated States of Micronesia
90%
Finland
90%
France
90%
Gabon
90%
Germany
90%
Greece
90%
Grenada
90%
Guatemala
90%
Haiti
90%
Helsinki
90%
Honduras
90%
Iceland
90%
Idaho
90%
India
90%
Indiana
90%
Iowa
90%
Iran
90%
Iraq
90%
Ireland
90%
Israel
90%
Ivory Coast
90%
Jamaica
90%
Japan
90%
Kansas
90%
Kentucky
90%
Kenya
90%
Kiev
90%
Kuwait
90%
Laos
90%
Latvia
90%
Lebanon
90%
Lesotho
90%
Libya
90%
Lisbon
90%
Lithuania
90%
London
90%
Louisiana
90%
Luxembourg
90%
Madrid
90%
Maine
90%
Mali
90%
Malta
90%
Marshall Islands
90%
Maryland
90%
Mauritania
90%
Mauritius
90%
Mexico
90%
Minnesota
90%
Moldova
90%
Montana
90%
Montenegro
90%
Moscow
90%
Nauru
90%
Nebraska
90%
Netherlands
90%
New Hampshire
90%
New Mexico
90%
New York
90%
New Zealand
90%
Nicaragua
90%
North Carolina
90%
North Dakota
90%
North Korea
90%
Norway
90%
Ohio
90%
Oman
90%
Oregon
90%
Pakistan
90%
Palau
90%
Panama
90%
Paraguay
90%
Paris
90%
Pennsylvania
90%
Peru
90%
Podgorica
90%
Rhode Island
90%
Romania
90%
Rome
90%
Saint Kitts and Nevis
90%
Saint Vincent and the Grenadines
90%
San Marino
90%
São Tomé and Príncipe
90%
Sarajevo
90%
Saudi Arabia
90%
Seychelles
90%
Singapore
90%
Slovakia
90%
Slovenia
90%
Sofia
90%
South Africa
90%
South Carolina
90%
South Dakota
90%
South Korea
90%
South Sudan
90%
Spain
90%
Stockholm
90%
Sudan
90%
Suriname
90%
Sweden
90%
Syria
90%
Tajikistan
90%
Tallinn
90%
Thailand
90%
Togo
90%
Tonga
90%
Trinidad and Tobago
90%
Tunisia
90%
Turkey
90%
Turkmenistan
90%
Tuvalu
90%
Valletta
90%
Vanuatu
90%
Vatican City
90%
Venezuela
90%
Vermont
90%
Vienna
90%
Vietnam
90%
Virginia
90%
Wisconsin
90%
Wyoming
90%
Yemen
90%
Zagreb
90%
Zimbabwe
90%
Afghanistan
80%
Andorra La Vella
80%
Angola
80%
Argentina
80%
Armenia
80%
Australia
80%
Bahamas
80%
Bangladesh
80%
Barbados
80%
Belarus
80%
Belgrade
80%
Belize
80%
Berlin
80%
Bern
80%
Boston
80%
Botswana
80%
Budapest
80%
Burkina Faso
80%
Cameroon
80%
Colorado
80%
Eritrea
80%
Fiji
80%
Gambia
80%
Ghana
80%
Guinea-Bissau
80%
Hawaii
80%
Hungary
80%
Indonesia
80%
Italy
80%
Kazakhstan
80%
Kiribati
80%
Kyrgyzstan
80%
Liberia
80%
Liechtenstein
80%
Ljubljana
80%
Madagascar
80%
Malawi
80%
Malaysia
80%
Maldives
80%
Minsk
80%
Monaco
80%
Mongolia
80%
Morocco
80%
Myanmar
80%
Namibia
80%
New Jersey
80%
North Macedonia
80%
Oslo
80%
Philippines
80%
Portugal
80%
Pristina
80%
Qatar
80%
Reykjavik
80%
Riga
80%
Rwanda
80%
Sacramento
80%
Saint Lucia
80%
Samoa
80%
Senegal
80%
Serbia
80%
Sierra Leone
80%
Solomon Islands
80%
Somalia
80%
Sri Lanka
80%
Taiwan
80%
Tanzania
80%
Texas
80%
Tirana
80%
Uganda
80%
Uruguay
80%
Utah
80%
Uzbekistan
80%
Vaduz
80%
Vilnius
80%
Warsaw
80%
West Virginia
80%
Zambia
80%
Alaska
70%
Albany
70%
Arizona
70%
Atlanta
70%
Austin
70%
Bratislava
70%
Cape Verde
70%
Chisinau
70%
Jefferson City
70%
Jordan
70%
Lansing
70%
Nepal
70%
Papua New Guinea
70%
Pierre
70%
Prague
70%
Salem
70%
Santa Fe
70%
Skopje
70%
Switzerland
70%
Tennessee
70%
Annapolis
60%
Baton Rouge
60%
Bhutan
60%
Bismarck
60%
Boise
60%
Cheyenne
60%
Columbus
60%
Des Moines
60%
Dover
60%
Frankfort
60%
Hartford
60%
Honolulu
60%
Indianapolis
60%
Jackson
60%
Lincoln
60%
Little Rock
60%
Madison
60%
Montgomery
60%
Mozambique
60%
Oklahoma City
60%
Phoenix
60%
Raleigh
60%
Richmond
60%
Springfield
60%
Tallahassee
60%
Augusta
50%
Carson City
50%
Charleston
50%
Concord
50%
Denver
50%
Harrisburg
50%
Helena
50%
Juneau
50%
Montpelier
50%
Nashville
50%
Olympia
50%
Providence
50%
Saint Paul
50%
Salt Lake City
50%
Topeka
50%
Trenton
50%
No matching quizzes found
Score Distribution
Percent of People with Each Score
Percentile by Number Answered
Your Score History
You have not taken this quiz